00333pab a2200121 454500008004000000100002300040245008200063260000900145300001300154362001000167650001400177773002000191180718b2007 xxu||||| |||| 00| 0 eng d aPhilip, Prateep V. aThe purpose of education: shifting the paradigms from existence to excellence c2007 ap.13-17. a3 Dec aEducation aUniversity News